Fill the Hex Map of Alaska Quiz Stats

 Plays Quiz not verified by Sporcle

Score 0/13 Timer 03:00
0 Plays Today
% Correct
Juneau
91.3%
Anchorage
85%
Nome
78%
Kotzebue
74%
Utqiagvik
72.4%
Dillingham
69.3%
Attu Station
65.4%
Kodiak
63.8%
Prudhoe Bay
61.4%
Unalaska
58.3%
Adak
56.7%
Yakutat
51.2%
Saint Paul
44.1%

You're not logged in!

Compare scores with friends on all Sporcle quizzes.
OR
Log In

Sporcle TV

Today on Sporcle TV


Watch our educational content, quiz creation guides, and fun videos on Sporcle TV.

Show Comments

Extras

Top Quizzes Today


Score Distribution

Your Account Isn't Verified!

In order to create a playlist on Sporcle, you need to verify the email address you used during registration. Go to your Sporcle Settings to finish the process.

Report this User

Report this user for behavior that violates our Community Guidelines.

Details: